000 00629nam a2200229Ia 4500
005 20240201114038.0
008 140110s9999 xx 000 0 und d
020 _a9788120333369
_cRs.195.00
040 _aLoreto College
041 _aEnglish
082 _a342.954
_bSIN
100 _aSingh,M.P.
245 _aIndian politics
_bContemporary issues and concerns
_cM.P.Singh and Rekha Saxena
260 _aNew Delhi
_bPHI Learning
_c2010
300 _ax,310p
504 _aIncludes index
650 _aIndia-Politics
651 _aIndia-Public administration
700 _aSaxena,Rekha
850 _aLCLIB
942 _cBK
999 _c37465
_d87944